000 00492nam a2200181Ia 4500
005 20250508162125.0
008 008 250505s9999 xx 000 0 hin d
037 _aBooks to be hide in OPAC
040 _aFEDL
_beng
_cFEDL
041 _ahin
_2eng
084 _a891.432, SHI/O
_qFEDL
100 _aShivkumar
245 0 _aBharat ke loknatya
260 _aDelhi, India
_bVani Prakashan
_c1980
300 _a86p.
942 _cHB
_h891.432, SHI/O
999 _c1374526
_d1374526